Statistics for AFL Collingwood Team of the Century

Click here to take the quiz!

General Stats

  • This quiz has been taken 132 times
  • The average score is 8 of 23

Answer Stats

PositionPlayer Name% Correct
RBFNathan Buckley
80%
RFPPeter Daicos
72%
FFGordon Coventry
68%
RBPSyd Coventry
68%
INTTony Shaw
62%
INTGavin Brown
49%
CHBAlbert Collier
40%
COACHJock McHale
40%
RMHarry Collier
39%
CBob Rose
36%
RLen Thompson
31%
RHFDick Lee
30%
RWDarren Millane
20%
RRDes Tuddenham
20%
LHFDes Fothergill
18%
FBJack Regan
18%
CHFMurray Weideman
17%
LWThorold Merrett
14%
INTWayne Richardson
14%
LBFBilly Picken
13%
INTMarcus Whelan
13%
LFPPhonse Kyne
11%
LBPHarold Rumney
8%

Score Distribution

Percentile by Number Answered

Percent of People with Each Score

Your Score History

You have not taken this quiz